Rainworld Quiz - Statistics

General Stats
  • This quiz has been taken 296 times
  • The average score is 11 of 12
Answer Stats
Hint Answer % Correct
Garbage worms Garbage Wastes
94%
Survivor/Monk starts here Outskirts
93%
Rotted Iterator Five Pebbles
91%
Dark and lots of spiders Shaded Citadel
91%
Jetfish and Leviathans Shoreline
91%
Outside of Iterator can The Exterior
89%
Raindeer live here Farm Arrays
88%
Squidcada and leap lizards Sky Islands
88%
Vultures and dangerous drops Chimney Canopy
83%
Lots o' lizards + machines Industrial Complex
83%
Leeches and water Drainage System
82%
Even deeper toward the void sea Subterranean
81%
No matching quizzes found
Score Distribution
Percent of People with Each Score
Percentile by Number Answered
Your Score History
You have not taken this quiz